[Event "De Verteuil Memorial 25th"]
[Site "Port of Spain"]
[Date "2017.11.09"]
[Round "6"]
[White "Gordon, Anderson"]
[Black "Johnson, Joshua"]
[Result "0-1"]
[WhiteElo "2029"]
[BlackElo "2164"]
[PlyCount "100"]
[EventDate "2017.10.05"]
[EventType "swiss"]
[EventRounds "7"]
[EventCountry "TRI"]
[SourceTitle "CBM 187 Extra"]
[Source "ChessBase"]
[SourceDate "2018.11.04"]
[SourceVersion "1"]
[SourceVersionDate "2018.11.04"]
[SourceQuality "1"]

1. e4 c5 2. Nf3 d6 3. Bb5+ Nd7 4. d4 cxd4 5. Qxd4 a6 6. Bxd7+ Bxd7 7. 0-0 Nf6 8. a4 g6 9. e5 dxe5 10. Nxe5 Be6 11. Qh4 Qc7 12. Re1 Bg7 13. Bh6 0-0 14. Bxg7 Kxg7 15. Nc3 Rfd8 16. Nf3 Qb6 17. Ng5 Qxb2 18. Nce4 Rd4 19. Rab1 Qc3 20. Qxh7+ Nxh7 21. Nxe6+ fxe6 22. Nxc3 Rc8 23. Ne4 Rxc2 24. h3 Rc7 25. a5 Rd5 26. Rb6 Rxa5 27. Reb1 Nf6 28. Nd2 Ra2 29. Nf3 Rcc2 30. Rxe6 Rxf2 31. Rxe7+ Kh6 32. Ne1 b5 33. Re6 Rf5 34. g4 Rf4 35. Ng2 Rf3 36. Rf1 Rxf1+ 37. Kxf1 Nd5 38. Re5 Nc3 39. Nf4 b4 40. h4 b3 41. Re7 g5 42. Re6+ Kg7 43. hxg5 b2 44. Rg6+ Kf7 45. Rf6+ Ke7 46. Ng6+ Kd7 47. Ne5+ Ke8 48. Re6+ Kd8 49. Rd6+ Kc7 50. Rc6+ Kb7 0-1

[Event "De Verteuil Memorial 25th"]
[Site "Port of Spain"]
[Date "2017.10.26"]
[Round "4"]
[White "Soondarsingh, Dev"]
[Black "Gordon, Anderson"]
[Result "0-1"]
[WhiteElo "1922"]
[BlackElo "2029"]
[PlyCount "84"]
[EventDate "2017.10.05"]
[EventType "swiss"]
[EventRounds "7"]
[EventCountry "TRI"]
[SourceTitle "CBM 187 Extra"]
[Source "ChessBase"]
[SourceDate "2018.11.04"]
[SourceVersion "1"]
[SourceVersionDate "2018.11.04"]
[SourceQuality "1"]

1. d4 Nf6 2. Nf3 g6 3. c4 Bg7 4. Nc3 0-0 5. g3 d6 6. Bg2 Nc6 7. 0-0 a6 8. h3 Rb8 9. a4 Na5 10. Qd3 Nb3 11. Ra3 Nxc1 12. Rxc1 c6 13. e4 Bh6 14. Rd1 Qb6 15. a5 Qc7 16. b4 b6 17. e5 bxa5 18. exf6 axb4 19. fxe7 Qxe7 20. Rb3 Bf5 21. Qe2 Qxe2 22. Nxe2 a5 23. Ra1 Bc2 24. Rb2 Bd3 25. Ne1 Bxc4 26. Bxc6 Rb6 27. Bf3 Ra6 28. Nc2 Rb8 29. Ne3 Bxe3 30. fxe3 a4 31. Nc1 a3 32. Rbb1 b3 33. Be2 d5 34. Bxc4 dxc4 35. Ne2 b2 36. Ra2 Rb3 37. d5 Rxe3 38. Kf2 Rd3 39. Nf4 Rd2+ 40. Ke3 c3 41. Nd3 c2 42. Rbxb2 Rxd3+ 0-1

[Event "Port of Spain op 44th"]
[Site "Port of Spain"]
[Date "2017.05.11"]
[Round "4"]
[White "Ramos Caldera, Cesar"]
[Black "Gordon, Anderson"]
[Result "1/2-1/2"]
[WhiteElo "2010"]
[BlackElo "2029"]
[PlyCount "98"]
[EventDate "2017.04.20"]
[EventType "swiss"]
[EventRounds "7"]
[EventCountry "TRI"]
[SourceTitle "EXT 2018"]
[Source "ChessBase"]
[SourceDate "2017.10.13"]
[SourceVersion "1"]
[SourceVersionDate "2017.10.13"]
[SourceQuality "1"]

1. e4 c5 2. Nf3 e6 3. d3 Nc6 4. g3 Nf6 5. Bg2 Be7 6. 0-0 d6 7. Nc3 0-0 8. h3 Bd7 9. Nh2 Nd4 10. f4 Bc6 11. g4 Nd7 12. Be3 Rc8 13. Ne2 e5 14. Ng3 exf4 15. Bxf4 Ne6 16. Be3 Ne5 17. Qd2 Ng6 18. Nf3 d5 19. exd5 Bxd5 20. Nf5 Bf6 21. c3 Qc7 22. g5 Be5 23. Nxe5 Bxg2 24. Nxg6 fxg6 25. Qxg2 gxf5 26. Rae1 Rcd8 27. Rd1 Rde8 28. Rde1 Qd7 29. Rd1 f4 30. Bc1 b6 31. Qg4 Qd5 32. h4 Rf5 33. Bxf4 Ref8 34. Bg3 Rxf1+ 35. Rxf1 Rxf1+ 36. Kxf1 Qxd3+ 37. Qe2 Qb1+ 38. Kf2 Qxa2 39. c4 Kf7 40. Bd6 Qb3 41. Qh5+ g6 42. Qxh7+ Ng7 43. Be5 Qc2+ 44. Ke3 Qc1+ 45. Kd3 Qf1+ 46. Kd2 Qf2+ 47. Kd1 Qf1+ 48. Kd2 Qf2+ 49. Kd1 Qf1+ 1/2-1/2

[Event "Port of Spain op"]
[Site "Port of Spain"]
[Date "2016.07.29"]
[Round "1"]
[White "Winter Roach, Alex"]
[Black "Gordon, Anderson"]
[Result "1/2-1/2"]
[WhiteElo "2200"]
[BlackElo "2021"]
[PlyCount "67"]
[EventDate "2016.07.29"]
[EventType "swiss"]
[EventRounds "9"]
[EventCountry "TRI"]
[SourceTitle "CBM 173 Extra"]
[Source "ChessBase"]
[SourceDate "2016.08.29"]
[SourceVersion "1"]
[SourceVersionDate "2016.08.29"]
[SourceQuality "1"]

1. c4 Nf6 2. g3 g6 3. Bg2 Bg7 4. Nc3 0-0 5. Nf3 d6 6. 0-0 Nc6 7. d3 e5 8. h3 Be6 9. e4 Nd4 10. Nxd4 exd4 11. Ne2 Nd7 12. f4 f5 13. exf5 gxf5 14. Bxb7 Rb8 15. Bf3 Nc5 16. Kh2 Rb6 17. Rb1 d5 18. cxd5 Bxd5 19. b3 Bxf3 20. Rxf3 Qd5 21. Rf1 Re8 22. Ng1 Na4 23. Qh5 Qd7 24. Bd2 Nc3 25. Rbe1 Rbe6 26. Rxe6 Rxe6 27. a3 Nd5 28. Qf3 Qb5 29. b4 Ne3 30. Bxe3 Rxe3 31. Qa8+ Re8 32. Qf3 Re3 33. Qa8+ Re8 34. Qf3 1/2-1/2

[Event "Port of Spain Knights op"]
[Site "Port of Spain"]
[Date "2015.05.14"]
[Round "5"]
[White "Gordon, Anderson"]
[Black "Noel, Roderick"]
[Result "1-0"]
[WhiteElo "1967"]
[BlackElo "1860"]
[PlyCount "101"]
[EventDate "2015.04.16"]
[EventType "swiss"]
[EventRounds "7"]
[EventCountry "TRI"]
[SourceTitle "EXT 2016"]
[Source "ChessBase"]
[SourceDate "2015.10.08"]
[SourceVersion "1"]
[SourceVersionDate "2015.10.08"]
[SourceQuality "1"]

1. d4 Nf6 2. Bg5 e6 3. e3 Be7 4. Bd3 0-0 5. f4 d5 6. Bxf6 Bxf6 7. Nf3 g6 8. 0-0 Nd7 9. Nbd2 c5 10. c3 c4 11. Be2 Bg7 12. e4 b5 13. e5 Nb6 14. Rc1 a5 15. Qe1 Bh6 16. Qg3 f6 17. Qh4 Bg7 18. Qg3 Ra7 19. Qh3 Rff7 20. g3 b4 21. exf6 Bxf6 22. Qg2 bxc3 23. bxc3 Qf8 24. Rfe1 Qa3 25. Rc2 Bd7 26. Nf1 Na4 27. Rec1 Nb2 28. Ne3 Ba4 29. Qh3 Bxc2 30. Rxc2 Rae7 31. Ng4 Bg7 32. Ng5 h5 33. Nxf7 hxg4 34. Bxg4 Kxf7 35. Re2 e5 36. fxe5 Qxc3 37. Rf2+ Ke8 38. Qh7 Qe1+ 39. Kg2 Qe4+ 40. Bf3 Qxd4 41. Qxg6+ Kd8 42. Qd6+ Rd7 43. Qb8+ Ke7 44. Rxb2 Bxe5 45. Re2 Kf6 46. Qh8+ Ke6 47. h3 Kd6 48. Qb8+ Rc7 49. Bg4 Bf6 50. Re6+ Kc5 51. Qb6# 1-0

[Event "Port of Spain Knights op"]
[Site "Port of Spain"]
[Date "2015.04.30"]
[Round "3"]
[White "Gordon, Anderson"]
[Black "Cupid, Kevin"]
[Result "0-1"]
[WhiteElo "1967"]
[BlackElo "2054"]
[PlyCount "64"]
[EventDate "2015.04.16"]
[EventType "swiss"]
[EventRounds "7"]
[EventCountry "TRI"]
[SourceTitle "EXT 2016"]
[Source "ChessBase"]
[SourceDate "2015.10.08"]
[SourceVersion "1"]
[SourceVersionDate "2015.10.08"]
[SourceQuality "1"]

1. Nf3 Nf6 2. c4 e6 3. g3 Nc6 4. Bg2 Bb4 5. 0-0 0-0 6. b3 a5 7. Bb2 d5 8. d3 Re8 9. Nbd2 d4 10. Ne4 Nxe4 11. dxe4 e5 12. a3 Bc5 13. Ne1 Bg4 14. Nd3 Qe7 15. Qd2 Bh5 16. Rfb1 Bg6 17. Bc1 Bd6 18. Qg5 Qe6 19. Ra2 a4 20. bxa4 Qxc4 21. Qd2 Na5 22. Qc2 Qe6 23. Bd2 f5 24. Bh3 Qf7 25. f3 fxe4 26. fxe4 Bxe4 27. Rf1 Qd5 28. Bxa5 Qxa5 29. Bd7 Rf8 30. Bb5 Rxf1+ 31. Kxf1 Rf8+ 32. Kg1 Bxd3 0-1

[Event "Port of Spain Knights op"]
[Site "Port of Spain"]
[Date "2015.04.16"]
[Round "1"]
[White "Gordon, Anderson"]
[Black "Archer, Carl"]
[Result "1-0"]
[WhiteElo "1967"]
[BlackElo "1600"]
[PlyCount "93"]
[EventDate "2015.04.16"]
[EventType "swiss"]
[EventRounds "7"]
[EventCountry "TRI"]
[SourceTitle "EXT 2016"]
[Source "ChessBase"]
[SourceDate "2015.10.08"]
[SourceVersion "1"]
[SourceVersionDate "2015.10.08"]
[SourceQuality "1"]

1. d4 d6 2. g3 Nf6 3. Bg2 g6 4. c4 Bg7 5. Nc3 Nbd7 6. e4 Nb6 7. Nge2 0-0 8. 0-0 Nxc4 9. b3 Nb6 10. Ba3 c5 11. dxc5 dxc5 12. Qxd8 Rxd8 13. Bxc5 Rd7 14. Rac1 Ng4 15. a4 Ne5 16. Bxb6 axb6 17. Nd5 Rxd5 18. exd5 Nd3 19. Rc7 Bf6 20. Rd1 Nc5 21. Nf4 Bf5 22. b4 Nxa4 23. d6 exd6 24. Bd5 Rf8 25. Bb3 Nc3 26. Rc1 Nb5 27. Rxb7 Nd4 28. Bd1 b5 29. Nd5 Bd8 30. f3 Bd3 31. Kf2 Bc4 32. Ne3 d5 33. Ra1 Nc6 34. Ra6 Nxb4 35. Rd6 Re8 36. Nxc4 dxc4 37. Rb8 Nd3+ 38. Kg2 Ne1+ 39. Kf1 Re5 40. Rbxd8+ Kg7 41. Rd5 Re6 42. Rxb5 Nd3 43. Be2 Re3 44. f4 h5 45. Bxd3 cxd3 46. Rb3 d2 47. Rxe3 1-0

[Event "De Verteuil Memorial 21st"]
[Site "Port of Spain"]
[Date "2013.11.07"]
[Round "4"]
[White "Flower, Trevor"]
[Black "Gordon, Anderson"]
[Result "1-0"]
[WhiteElo "1755"]
[BlackElo "1986"]
[PlyCount "121"]
[EventDate "2013.10.17"]
[EventType "swiss"]
[EventRounds "7"]
[EventCountry "TRI"]
[SourceTitle "CBM 157 Extra"]
[Source "ChessBase"]
[SourceDate "2013.12.19"]
[SourceVersion "1"]
[SourceVersionDate "2013.12.19"]
[SourceQuality "1"]

1. e4 Nf6 2. e5 Nd5 3. Bc4 Nb6 4. Bb3 d5 5. c3 Bf5 6. d4 e6 7. Ne2 c5 8. Ng3 Bg6 9. Bc2 Bxc2 10. Qxc2 cxd4 11. cxd4 Nc6 12. Be3 Rc8 13. Nc3 h5 14. h3 Nc4 15. 0-0 g5 16. b3 Nxe3 17. fxe3 h4 18. Qf2 f5 19. Nxf5 exf5 20. Qxf5 Ne7 21. Qf7+ Kd7 22. Nxd5 Rc6 23. Rac1 Rhh6 24. Rxc6 Rxc6 25. Nb4 Rc3 26. Rf6 Kc7 27. Rd6 Rc1+ 28. Kf2 Qc8 29. Nd5+ Kb8 30. Nb4 Qf5+ 31. Qxf5 Nxf5 32. Rf6 Ng3 33. Rxf8+ Kc7 34. Nd5+ Kd7 35. Nf6+ Ke7 36. Re8+ Kf7 37. Kf3 Rf1+ 38. Kg4 Rxf6 39. exf6 Kxe8 40. Kxg5 Kf7 41. Kxh4 Nf5+ 42. Kg5 Nxe3 43. g4 Nd5 44. h4 b5 45. Kf5 Nxf6 46. h5 a5 47. h6 Nd5 48. g5 Nc3 49. g6+ Kg8 50. Kf6 Nd5+ 51. Ke5 Ne7 52. Kf6 Nd5+ 53. Kg5 b4 54. g7 Kf7 55. Kf5 Nc3 56. Ke5 Nxa2 57. d5 a4 58. d6 axb3 59. d7 b2 60. d8Q b1Q 61. g8Q# 1-0

[Event "TRI-ch"]
[Site "Port of Spain"]
[Date "2013.09.22"]
[Round "9"]
[White "Lee, Cecil"]
[Black "Gordon, Anderson"]
[Result "1/2-1/2"]
[WhiteElo "1951"]
[BlackElo "1999"]
[PlyCount "52"]
[EventDate "2013.09.07"]
[EventType "tourn"]
[EventRounds "11"]
[EventCountry "TRI"]
[SourceTitle "CBM 156 Extra"]
[Source "ChessBase"]
[SourceDate "2013.10.22"]
[SourceVersion "1"]
[SourceVersionDate "2013.10.22"]
[SourceQuality "1"]

1. c4 e5 2. g3 Nc6 3. Bg2 g6 4. Nc3 Bg7 5. d3 d6 6. e3 Nge7 7. Nge2 0-0 8. 0-0 Be6 9. Nd5 Nf5 10. Bd2 Qd7 11. Bc3 Nd8 12. e4 Nh6 13. Bd2 f5 14. Qc1 Nhf7 15. Rb1 c6 16. Ndc3 f4 17. gxf4 Bh3 18. f3 Bxg2 19. Kxg2 Ne6 20. Kh1 exf4 21. Nxf4 Ne5 22. Nce2 Nxf4 23. Nxf4 Bh6 24. d4 Bxf4 25. dxe5 dxe5 26. Bxf4 Rxf4 1/2-1/2

[Event "TRI-ch"]
[Site "Port of Spain"]
[Date "2013.09.21"]
[Round "7"]
[White "Merritt, Mario"]
[Black "Gordon, Anderson"]
[Result "0-1"]
[WhiteElo "2063"]
[BlackElo "1999"]
[PlyCount "44"]
[EventDate "2013.09.07"]
[EventType "tourn"]
[EventRounds "11"]
[EventCountry "TRI"]
[SourceTitle "CBM 156 Extra"]
[Source "ChessBase"]
[SourceDate "2013.10.22"]
[SourceVersion "1"]
[SourceVersionDate "2013.10.22"]
[SourceQuality "1"]

1. c4 f5 2. g3 Nf6 3. Bg2 g6 4. Nc3 Bg7 5. d3 0-0 6. e4 d6 7. Nge2 c6 8. 0-0 e5 9. h3 Na6 10. Bg5 Nc5 11. Qd2 Ne6 12. Bh6 f4 13. Bxg7 Kxg7 14. gxf4 Nh5 15. f5 Nef4 16. Ng3 Qh4 17. Kh2 gxf5 18. Nxh5+ Qxh5 19. Rg1 Kh8 20. Qe3 Nxg2 21. Rxg2 f4 22. Qd2 Bxh3 0-1

[Event "TRI-ch"]
[Site "Port of Spain"]
[Date "2013.09.14"]
[Round "4"]
[White "Gordon, Anderson"]
[Black "Singh, Ravishen"]
[Result "0-1"]
[WhiteElo "1999"]
[BlackElo "2077"]
[PlyCount "102"]
[EventDate "2013.09.07"]
[EventType "tourn"]
[EventRounds "11"]
[EventCountry "TRI"]
[SourceTitle "CBM 156 Extra"]
[Source "ChessBase"]
[SourceDate "2013.10.22"]
[SourceVersion "1"]
[SourceVersionDate "2013.10.22"]
[SourceQuality "1"]

1. e4 d6 2. c3 c6 3. Bd3 Nd7 4. Bc2 g6 5. d4 Bg7 6. Nf3 Ngf6 7. 0-0 0-0 8. Nbd2 a5 9. h3 b5 10. Re1 e5 11. Nf1 Qc7 12. Bg5 h6 13. Be3 c5 14. Qd2 Kh7 15. d5 a4 16. N3h2 Nb6 17. b3 axb3 18. axb3 Bd7 19. Ng3 Ra7 20. f4 Ng8 21. fxe5 Bxe5 22. Bf4 Rfa8 23. Bxe5 dxe5 24. Rxa7 Rxa7 25. Qf2 f6 26. Ngf1 Nc8 27. Ne3 Nd6 28. Nhg4 Ne8 29. Qh4 Kg7 30. d6 Qxd6 31. Rd1 Qc6 32. Qg3 Kh7 33. Nd5 Be6 34. h4 h5 35. Nge3 Ra2 36. Bd3 Ra7 37. Qf3 Kg7 38. Qf1 Bd7 39. Be2 Nd6 40. Bf3 Nf7 41. Qe2 Nd8 42. Rf1 Ne6 43. Bxh5 Nf4 44. Nxf4 exf4 45. Nd5 gxh5 46. Qxh5 Qe6 47. Nxf4 Qxe4 48. Qxc5 Ra2 49. Qc7 Qc6 50. Qd8 Ra8 51. Nh5+ Kg6 0-1

[Event "TRI-ch"]
[Site "Port of Spain"]
[Date "2013.09.07"]
[Round "2"]
[White "Winter Atwell, Adrian"]
[Black "Gordon, Anderson"]
[Result "1-0"]
[WhiteElo "2051"]
[BlackElo "1999"]
[PlyCount "59"]
[EventDate "2013.09.07"]
[EventType "tourn"]
[EventRounds "11"]
[EventCountry "TRI"]
[SourceTitle "CBM 156 Extra"]
[Source "ChessBase"]
[SourceDate "2013.10.22"]
[SourceVersion "1"]
[SourceVersionDate "2013.10.22"]
[SourceQuality "1"]

1. e4 Nf6 2. e5 Nd5 3. Nf3 Nb6 4. d4 d6 5. Be2 g6 6. 0-0 Bg7 7. exd6 cxd6 8. a4 Bg4 9. a5 N6d7 10. h3 Bxf3 11. Bxf3 Qc8 12. Re1 0-0 13. Rxe7 Nc6 14. Bxc6 bxc6 15. Bf4 Rb8 16. Ra2 Rb4 17. c3 Rb5 18. Bxd6 Rd5 19. Rxd7 Qxd7 20. Bxf8 Bxf8 21. b4 Rg5 22. Qd3 Rxg2+ 23. Kxg2 Qd5+ 24. Kg1 Qxa2 25. Nd2 Bh6 26. Nf3 Qe6 27. Kg2 g5 28. Ne5 Bg7 29. Qc4 Qf5 30. Qxc6 1-0

[Event "Barataria Qualifier1st"]
[Site "Barataria"]
[Date "2013.01.26"]
[Round "3"]
[White "Wiltshire, Louis"]
[Black "Gordon, Anderson"]
[Result "0-1"]
[WhiteElo "1647"]
[BlackElo "2013"]
[PlyCount "124"]
[EventDate "2013.01.24"]
[EventType "swiss"]
[EventRounds "3"]
[EventCountry "TRI"]
[SourceTitle "EXT 2024"]
[Source "ChessBase"]
[SourceDate "2023.10.10"]
[SourceVersion "1"]
[SourceVersionDate "2023.10.10"]
[SourceQuality "1"]

1. d4 d5 2. e3 c6 3. c4 Nf6 4. Bd3 e6 5. Nc3 Be7 6. Nf3 Nbd7 7. 0-0 dxc4 8. Bxc4 b5 9. Bd3 a6 10. Qc2 Bb7 11. Re1 c5 12. Ne4 c4 13. Nxf6+ Nxf6 14. Be2 Be4 15. Qd1 Qd5 16. Bf1 Bd6 17. a3 0-0 18. Bd2 a5 19. Rc1 Rfc8 20. h3 Ra7 21. Nh4 g5 22. Nf3 Bg6 23. Nh2 Bh5 24. g4 Bg6 25. Bg2 Ne4 26. Bxe4 Bxe4 27. f3 Bxh2+ 28. Kg2 Qd6 29. fxe4 Qg3+ 30. Kh1 Qxh3 31. Re2 Bd6+ 32. Kg1 Qxg4+ 33. Rg2 Qxd1+ 34. Rxd1 h6 35. e5 Be7 36. Kf2 b4 37. axb4 axb4 38. Kf3 Kg7 39. Kg4 Ra2 40. Kf3 Rxb2 41. e4 c3 42. Bc1 Rxg2 43. Kxg2 b3 44. d5 b2 45. d6 Bd8 46. Bxb2 cxb2 47. Rb1 Rc2+ 48. Kf3 Rc3+ 49. Ke2 Rb3 50. Kd2 g4 51. Kc2 Rb6 52. Kd3 h5 53. Ke3 Rb3+ 54. Kd4 h4 55. Kc4 Rb6 56. Kd3 h3 57. Ke3 Rb3+ 58. Kf2 Bb6+ 59. Ke2 h2 60. Kd2 Bg1 61. Kc2 Rb8 62. d7 h1Q 0-1

[Event "Barataria Qualifier1st"]
[Site "Barataria"]
[Date "2013.01.24"]
[Round "1"]
[White "Gordon, Anderson"]
[Black "Singh, Carlyle"]
[Result "0-1"]
[WhiteElo "2013"]
[BlackElo "1671"]
[PlyCount "79"]
[EventDate "2013.01.24"]
[EventType "swiss"]
[EventRounds "3"]
[EventCountry "TRI"]
[SourceTitle "EXT 2024"]
[Source "ChessBase"]
[SourceDate "2023.10.10"]
[SourceVersion "1"]
[SourceVersionDate "2023.10.10"]
[SourceQuality "1"]

1. d4 Nf6 2. Nf3 e6 3. e3 d5 4. Bd3 c6 5. Nbd2 Nbd7 6. 0-0 Bd6 7. Qe2 0-0 8. e4 dxe4 9. Nxe4 Nxe4 10. Qxe4 Nf6 11. Qh4 g6 12. Bg5 Be7 13. Rad1 Nd5 14. c4 Bxg5 15. Nxg5 Nf6 16. Rfe1 Kg7 17. Be2 h6 18. Nf3 Nh7 19. Qf4 Qf6 20. Qc7 Qd8 21. Qe5+ Qf6 22. Qc7 Qd8 23. Qg3 a5 24. h4 a4 25. Ne5 Nf6 26. Bf3 Qb6 27. Qf4 Qxb2 28. g4 Nh7 29. g5 h5 30. Nd3 Qxa2 31. d5 cxd5 32. cxd5 exd5 33. Qd4+ Kg8 34. Bxd5 Qc2 35. Rc1 Qd2 36. Red1 Qe2 37. Ne5 Be6 38. Re1 Qa6 39. Nxg6 fxg6 40. Rxe6 0-1

[Event "De Verteuil Memorial 20th"]
[Site "Port of Spain"]
[Date "2012.11.29"]
[Round "7"]
[White "Gordon, Anderson"]
[Black "Noel, Roderick"]
[Result "1-0"]
[WhiteElo "1956"]
[BlackElo "1904"]
[PlyCount "71"]
[EventDate "2012.10.18"]
[EventType "swiss"]
[EventRounds "7"]
[EventCountry "TRI"]
[SourceTitle "EXT 2024"]
[Source "ChessBase"]
[SourceDate "2023.10.10"]
[SourceVersion "1"]
[SourceVersionDate "2023.10.10"]
[SourceQuality "1"]

1. e4 e6 2. d4 d5 3. Nd2 dxe4 4. Nxe4 Bd7 5. Nf3 Bc6 6. Bd3 Nd7 7. Qe2 Ngf6 8. Neg5 Qe7 9. Bd2 h6 10. Ne4 Nxe4 11. Bxe4 Bxe4 12. Qxe4 c6 13. 0-0 Nf6 14. Qd3 Qc7 15. c4 Bd6 16. b4 0-0 17. Bc3 Rad8 18. Qc2 Rfe8 19. Rfe1 Rd7 20. Re2 Qd8 21. Rae1 Rde7 22. Qb2 Nh5 23. g3 f5 24. Ne5 g5 25. Qc1 f4 26. Ng4 fxg3 27. hxg3 Bf4 28. Qc2 Nxg3 29. fxg3 Bxg3 30. d5 e5 31. Nxh6+ Kh8 32. Rxe5 Bxe5 33. Rxe5 Rxe5 34. Qg6 Qc7 35. Nf7+ Qxf7 36. Qxf7 1-0

[Event "De Verteuil Memorial 20th"]
[Site "Port of Spain"]
[Date "2012.11.08"]
[Round "4"]
[White "Gordon, Anderson"]
[Black "Harper, Ryan"]
[Result "0-1"]
[WhiteElo "1956"]
[BlackElo "2237"]
[PlyCount "138"]
[EventDate "2012.10.18"]
[EventType "swiss"]
[EventRounds "7"]
[EventCountry "TRI"]
[SourceTitle "EXT 2024"]
[Source "ChessBase"]
[SourceDate "2023.10.10"]
[SourceVersion "1"]
[SourceVersionDate "2023.10.10"]
[SourceQuality "1"]

1. d4 d5 2. Nf3 Nf6 3. c4 dxc4 4. Nc3 Bf5 5. e3 c6 6. a4 e6 7. Bxc4 Bb4 8. 0-0 0-0 9. Qb3 Qe7 10. Ne5 Nbd7 11. e4 Nxe5 12. dxe5 Nxe4 13. a5 Nxc3 14. bxc3 Bc5 15. Be2 Rfd8 16. Ra4 Rab8 17. Bf3 b5 18. axb6 Rxb6 19. Qa2 Bb1 20. Bg5 Qxg5 21. Rxb1 Rxb1+ 22. Qxb1 Qxe5 23. Qc1 Rd3 24. Rc4 Bd6 25. Kf1 Qxh2 26. Ke2 Rxf3 27. gxf3 Qe5+ 28. Qe3 Qb5 29. Qe4 Bc5 30. Kf1 h6 31. Kg2 h5 32. Kg1 a5 33. Kg2 g6 34. Ra4 Qb2 35. Qe1 Bb6 36. Rc4 Qb5 37. Qe4 Qg5+ 38. Kf1 Qd2 39. Qe2 Qd5 40. Ra4 Kg7 41. Ra2 Qf5 42. Rb2 Qh3+ 43. Ke1 Qh1+ 44. Kd2 Bd8 45. Rb7 Bg5+ 46. Kd3 Kg8 47. Rb8+ Kg7 48. Rb6 c5 49. Qe5+ Bf6 50. Qxc5 Qxf3+ 51. Kc2 a4 52. Rb8 Qf4 53. Qf8+ Kh7 54. Qxf7+ Kh6 55. Qf8+ Kg5 56. Rb5+ e5 57. Qc5 h4 58. Rb4 Qf3 59. Rb1 Qe2+ 60. Kc1 h3 61. Qe3+ Qxe3+ 62. fxe3 h2 63. Kd2 e4 64. c4 Kh4 65. Ke2 Kg3 66. Rf1 Be5 67. c5 g5 68. c6 g4 69. c7 Bxc7 0-1